000 01042nam0a2200277 4500
001 RU\NLR\bibl\1935683
005 20250616202810.0
021 _aRU
_b2012-55059
_94018
035 _a(NLR Aleph) 001924989
090 _a3357547
_c3357547
100 _a20120820d2004 |||y0rusy50 ca
101 1 _arus
_cund
102 _aRU
_aUA
105 _ay |||||||||
200 1 _aБрак: завет или контракт
_eвосстановление извечных семейных ценностей
_fКрэйг Хилл
_g[пер.: Черненко Дмитрий]
210 _aСанкт-Петербург
_cМирт
_aУкраина
_cОснования семьи
_d2004
215 _a61 с.
_d21
606 1 _aСемья и брак
_xХристианская концепция
_92170244
_3RU\NLR\auth\661305543
686 _aЭ376-113.2
700 1 _aХилл
_bК.
_gКрэйг
_4070
801 0 _aRU
_bNLR
_c20120820
_gRCR
801 1 _aRU
_bNLR
_c20120820
942 _cBOOK
980 _aNB